Ingentrificables.
Saved in:
| Main Author: | |
|---|---|
| Other Authors: | |
| Format: | Book |
| Published: |
Valparaíso, Chile:
Ediciones Libros del Cardo,
2022.
|
| Edition: | Primera edición. |
| Subjects: | |
| Tags: |
Add Tag
No Tags, Be the first to tag this record!
|
MARC
| LEADER | 00000nam a22000007a 4500 | ||
|---|---|---|---|
| 003 | CL-VaPUC | ||
| 005 | 20250321101913.0 | ||
| 008 | 250109t2022 ||||| |||| 00| 0 eng d | ||
| 999 | |c 446388 |d 446386 | ||
| 020 | |a 978-956-6192-03-9 | ||
| 040 | |c Pontificia Universidad Católica de Valparaíso | ||
| 082 | |a 741.6 PUG 2022 | ||
| 100 | |9 895148 |a Puga, Majo |e autora | ||
| 245 | |a Ingentrificables. | ||
| 250 | |a Primera edición. | ||
| 260 | |a Valparaíso, Chile: |b Ediciones Libros del Cardo, |c 2022. | ||
| 300 | |a sin numeración: |b ilustraciones. | ||
| 500 | |a c.1-c.2 Instituto Arcos. 08-01-2025 | ||
| 583 | |c 20250109 |k Gabriela Rodríguez Cuevas | ||
| 650 | 0 | |9 369481 |a Ilustraciones |x Ciudades |z Plaza Echaurren, Valparaíso, Chile | |
| 700 | |9 895149 |a Yolin, Juan |e autor | ||
| 942 | |2 ddc |c BK |n 0 | ||
| 952 | |0 0 |1 0 |2 ddc |4 0 |6 741_600000000000000_PUG_2022 |7 0 |9 599006 |a BIBINC |b BIBINC |c GEN |d 2025-01-09 |e Instituto Arcos |i 5663936 |l 1 |o 741.6 PUG 2022 |p 5663936 |r 2025-05-06 |s 2025-04-23 |t 1 |w 2025-01-09 |y BK |k IFP | ||
| 952 | |0 0 |1 0 |2 ddc |4 0 |6 741_600000000000000_PUG_2022 |7 0 |9 599007 |a BIBINC |b BIBINC |c GEN |d 2025-01-09 |e Instituto Arcos |i 5663935 |o 741.6 PUG 2022 |p 5663935 |r 2025-01-09 |t 2 |w 2025-01-09 |y BK |k IFP | ||